GOATs im Sport - greatest of all time - Statistiken

Allgemein
  • Dieses Quiz wurde 2.528 mal gespielt
  • Das Durchschnittsergebnis liegt bei 13 aus 35
Antwortstatistiken
Art Sportart GOAT % Korrekt
Mannschaftssport Fußball Christiano Ronaldo
98%
Mannschaftssport Fußball Lionel Messi
98%
Mannschaftssport Basketball Michael Jordan
88%
Individualsport Formel 1 Michael Schumacher
81%
Individualsport Tennis Roger Federer
78%
Individualsport Tennis Rafael Nadal
73%
Individualsport Boxen Muhammad Ali
70%
Mannschaftssport american Football Tom Brady
70%
Olympia Sprint Usain Bolt
69%
Individualsport Tennis Novak Djokovic
68%
Individualsport Golf Tiger Woods
68%
Olympia Schwimmen Michael Phelps
62%
Individualsport Darts Phil Taylor
50%
Individualsport Skateboard Tony Hawk
41%
Mannschaftssport Eishockey Wayne Gretzky
37%
Individualsport Tennis Serena Williams
36%
Wintersport Ski Alpin Marcel Hirscher
25%
Individualsport Snooker Ronnie O’Sullivan
25%
Wintersport Biathlon Magdalena Neuner
23%
Individualsport Bergsteigen Reinhold Messner
21%
Wintersport Ski Alpin Lindsey Vonn
19%
Wintersport Biathlon Martin Fourcade
17%
Olympia Marathon Eliud Kipchoge
14%
Olympia Triathlon Jan Frodeno
14%
Mannschaftssport Baseball Babe Ruth
13%
Individualsport Schach Garry Kasparov
13%
Individualsport Radsport Eddy Merckx
12%
Olympia Tischtennis Ma Long
10%
Wintersport Skispringen Janne Ahonen
8%
Mannschaftssport Handball Ivano Balic
3%
Wintersport Ski Langlauf Marit Bjørgen
3%
Individualsport Mixed Martial Arts Anderson Silva
2%
Wintersport Eisschnelllauf Ireen Wüst
1%
Olympia Beach Volleyball Kerri Walsh Jennings
0%
Mannschaftssport Rugby Richie McCaw
0%
Keine übereinstimmenden Quizze gefunden
Verteilung der Resultate
Anzahl Personen mit jedem Resultat
Perzentil nach korrekt beantworteten Fragen
Ihre Resultats-Entwicklung
Sie haben dieses Quiz noch nicht gespielt